Catálogo
 En Linea

Lengua Española 1 : (Registro nro. 56529)

Detalles MARC
000 -CABECERA
campo de control de longitud fija 01483nam a2200349 i 4500
003 - IDENTIFICADOR DEL NÚMERO DE CONTROL
campo de control DO-SdBNP
005 - FECHA Y HORA DE LA ÚLTIMA TRANSACCIÓN
campo de control 20240426134026.0
007 - CAMPO FIJO DE DESCRIPCIÓN FÍSICA--INFORMACIÓN GENERAL
campo de control de longitud fija ta
008 - DATOS DE LONGITUD FIJA--INFORMACIÓN GENERAL
campo de control de longitud fija 240426b2019 dr a|||| |||| 00| 0 spa d
020 ## - NÚMERO INTERNACIONAL ESTÁNDAR DEL LIBRO
Número Internacional Estándar del Libro 9789945177411
040 ## - FUENTE DE LA CATALOGACIÓN
Centro catalogador/agencia de origen DO-SdBNP
Lengua de catalogación spa
Centro/agencia transcriptor BNPHU
Normas de descripción rda
082 #4 - NÚMERO DE LA CLASIFICACIÓN DECIMAL DEWEY
Número de edición 22
245 00 - MENCIÓN DE TÍTULO
Título Lengua Española 1 :
Resto del título del proyecto editorial de educación primaria /
Mención de responsabilidad, etc. colaboración, Marcela Castillo Troncoso, Roxana Pinto Rodríguez, Viviana Briceño López ; edición, Lynnette Defilló Arzeno ; corrección, José Roques Paulino ; ilustraciones, Soonhwa Wiesner, Wi-Hen Fung, Juan Pablo Feliz, Cecilia Vivanco Díaz
264 #4 - PRODUCCIÓN, PUBLICACIÓN, DISTRIBUCIÓN, FABRICACIÓN Y COPYRIGHT
Producción, publicación, distribución, fabricación y copyright Santo Domingo :
Nombre del de productor, editor, distribuidor, fabricante S M,
Fecha de producción, publicación, distribución, fabricación o copyright 2019.
300 ## - DESCRIPCIÓN FÍSICA
Extensión 239 páginas :
Otras características físicas Ilustraciones, gráficos ;
Dimensiones 27 cm.
336 ## - TIPO DE CONTENIDO
Fuente rdacontent
Término de tipo de contenido texto
Código de tipo de contenido txt
337 ## - TIPO DE MEDIO
Fuente rdamedia
Nombre/término del tipo de medio sin mediación
Código del tipo de medio n
338 ## - TIPO DE SOPORTE
Fuente rdacarrier
Nombre/término del tipo de soporte volumen
Código del tipo de soporte nc
490 ## - MENCIÓN DE SERIE
Mención de serie Savia
590 ## - NOTA LOCAL (RLIN)
Nota local Inventariado 2024/BT
700 1# - PUNTO DE ACCESO ADICIONAL--NOMBRE DE PERSONA
Nombre de persona Castillo Troncoso, Marcela,
Término indicativo de función/relación colaboración
9 (RLIN) 85304
700 1# - PUNTO DE ACCESO ADICIONAL--NOMBRE DE PERSONA
Nombre de persona Pinto Rodríguez Roxana,
Término indicativo de función/relación colaboración
9 (RLIN) 85305
700 1# - PUNTO DE ACCESO ADICIONAL--NOMBRE DE PERSONA
Nombre de persona Briceño López, Viviana,,
Término indicativo de función/relación colaboración
9 (RLIN) 85306
700 1# - PUNTO DE ACCESO ADICIONAL--NOMBRE DE PERSONA
Nombre de persona Defilló Arzeno, Lynnette,
Término indicativo de función/relación edición
9 (RLIN) 85307
700 1# - PUNTO DE ACCESO ADICIONAL--NOMBRE DE PERSONA
Nombre de persona Roques Paulino, Josie,
Término indicativo de función/relación corrección
9 (RLIN) 85308
700 1# - PUNTO DE ACCESO ADICIONAL--NOMBRE DE PERSONA
Nombre de persona Wiesner, Soonhwa,
Término indicativo de función/relación ilustración
9 (RLIN) 85309
700 1# - PUNTO DE ACCESO ADICIONAL--NOMBRE DE PERSONA
Nombre de persona Fung, Wi-Hen,
Término indicativo de función/relación ilustración
9 (RLIN) 73248
700 1# - PUNTO DE ACCESO ADICIONAL--NOMBRE DE PERSONA
Nombre de persona Feliz, Juan Pablo
Término indicativo de función/relación ilustración
9 (RLIN) 6598
700 1# - PUNTO DE ACCESO ADICIONAL--NOMBRE DE PERSONA
Nombre de persona Vivanco Díaz, Cecilia,
Término indicativo de función/relación ilustración
9 (RLIN) 85341
910 ## - DATOS DE OPCIÓN DEL USUARIO (OCLC)
Datos de opción del usuario BTavárez
942 ## - ELEMENTOS DE PUNTO DE ACCESO ADICIONAL (KOHA)
Fuente del sistema de clasificación o colocación Dewey Decimal Classification
Tipo de ítem Koha Libro

No hay ítems disponibles.

Con tecnología Koha